000 004520000a22001810004500
999 _c47479
_d47479
001 226
003 CO-MdFUSB
005 20171115170411.0
008 171115b xxu||||| |||| 00| 0 eng d
020 _a84-226-0852-9
040 _cCO-MdBIC
082 0 4 _a863N G165o
100 1 _aGarcia, Marquez Gabriel
245 1 0 _aEl otoño del patriarca / Gabriel Garcia Márquez
260 _aBogotá : Circulo de Lectores
300 _a254 P.
942 _cLGB